000 00700nam a22001937a 4500
005 20251108172241.0
008 250721s2000 xx 000 0 ara d
082 1 4 _a346.031/فضل
100 1 _aالفضل، منذر
245 1 0 _aالمسؤولية الطبية في الجراحة التجميلية :
_bدراسة مقارنة /
264 1 _aعمان :
_bالدار العلمية الدولية للنشر و التوزيع،
_c2000.
300 _a95ص
490 0 _aالمكتبة القانونية ؛ 364
650 1 7 _aالتبعية القانونية
650 1 7 _aالقانون المدني
650 1 7 _aالجراحة التقويمية
942 _2ddc
_cBK
999 _c74222
_d74222